000 00603nam a22001697a 4500
999 _c371664
_d371664
008 201222b ||||| |||| 00| 0 eng d
040 _aDE-2950
_bger
_cDE-2950
_erda
041 _ager
245 _aSterbeanzeige / Nachruf Siegfried Fiedler.
264 _c2022
653 _aFiedler, Siegfried; Leiter des Jugendfilmclubs "Olga Benario", 19.08.1935 - 18.05.2022
773 _tMärkischer Markt
_dFrankfurt (Oder): Märkisches Verlags- und Druckhaus GmbH & Co. KG
_g31. Jahrgang (2022) KW 22 vom 01.06.2022, S. 9
942 _cA